[Event "Leipzig VfB op 14th"]
[Site "Leipzig"]
[Date "2007.03.20"]
[Round "1"]
[White "Broberg, Horst"]
[Black "Greim, Marcel"]
[Result "0-1"]
[WhiteElo "2086"]
[BlackElo "1507"]
[PlyCount "88"]
[EventDate "2007.03.20"]
[EventType "swiss"]
[EventRounds "9"]
[EventCountry "GER"]
[SourceTitle "EXT 2008"]
[Source "ChessBase"]
[SourceDate "2007.11.25"]
[SourceVersion "1"]
[SourceVersionDate "2007.11.25"]
[SourceQuality "1"]

1. e4 e6 2. d4 d5 3. Nd2 c5 4. Ngf3 Nc6 5. exd5 Qxd5 6. Bc4 Qd8 7. 0-0 cxd4 8. Nb3 Nf6 9. Nbxd4 Nxd4 10. Nxd4 a6 11. c3 Qc7 12. Qe2 Bd6 13. g3 0-0 14. Bg5 Be7 15. Rad1 b5 16. Bb3 Bb7 17. Rfe1 Rfd8 18. f3 Rac8 19. Nxe6 Bc5+ 20. Nxc5 Qxc5+ 21. Qe3 Qxe3+ 22. Rxe3 Rxd1+ 23. Bxd1 Nd5 24. Rd3 h6 25. Bb3 Nb6 26. Rd8+ Kh7 27. Rxc8 Nxc8 28. Be3 Bxf3 29. Bxf7 Nd6 30. Kf2 Be4 31. Be6 Bb7 32. Bf4 Ne4+ 33. Ke3 Nc5 34. Bf5+ g6 35. Bc2 Kg7 36. Bd6 Ne6 37. Be4 Bc8 38. Bc6 Kf6 39. Ke4 Nd8 40. Be5+ Kf7 41. Bd5+ Ne6 42. c4 bxc4 43. Bxc4 Ke7 44. Kd5 Bb7# 0-1

[Event "Leipzig VfB op 13th"]
[Site "Leipzig"]
[Date "2006.03.18"]
[Round "7"]
[White "Marquardt, Alexander"]
[Black "Broberg, Horst"]
[Result "1/2-1/2"]
[WhiteElo "1914"]
[BlackElo "2086"]
[PlyCount "146"]
[EventDate "2006.03.14"]
[EventType "swiss"]
[EventRounds "9"]
[EventCountry "GER"]
[SourceTitle "EXT 2008"]
[Source "ChessBase"]
[SourceDate "2007.11.25"]
[SourceVersion "1"]
[SourceVersionDate "2007.11.25"]
[SourceQuality "1"]

1. e4 e6 2. Qe2 c5 3. Nf3 Nc6 4. g3 g6 5. Bg2 Bg7 6. 0-0 Nge7 7. d3 0-0 8. c3 d6 9. Be3 e5 10. Ne1 b6 11. f4 f5 12. Nd2 d5 13. fxe5 fxe4 14. Rxf8+ Bxf8 15. dxe4 d4 16. Qc4+ Kh8 17. Bf4 dxc3 18. bxc3 Bg7 19. Ndf3 Qg8 20. Qe2 Be6 21. Bf1 h6 22. h4 Rd8 23. Ng2 Bg4 24. Ne3 Bxf3 25. Qxf3 Nxe5 26. Bxe5 Bxe5 27. Ng4 Bg7 28. Qe3 h5 29. Nh2 Qe6 30. Nf3 Qf6 31. e5 Qf5 32. Bc4 Nc6 33. Ng5 Nxe5 34. Rf1 Qd7 35. Nf7+ Nxf7 36. Rxf7 Qd1+ 37. Rf1 Qd2 38. Qg5 Qxg5 39. hxg5 Bxc3 40. Rf7 Rd1+ 41. Kf2 Rd2+ 42. Ke3 Rd8 43. Bd3 Rd6 44. Rxa7 Re6+ 45. Kf3 Bd2 46. Ra8+ Kg7 47. Bc4 Rd6 48. Ra7+ Kf8 49. Rf7+ Ke8 50. Rf6 Ke7 51. Rf7+ Kd8 52. Rf6 Kc7 53. Bf7 Bxg5 54. Rxd6 Kxd6 55. Ke4 h4 56. gxh4 Bxh4 57. Bxg6 c4 58. Kd4 b5 59. Kc3 Kc5 60. Kc2 Kb4 61. Bh7 Ka3 62. Kb1 Bf6 63. Bg6 Kb4 64. Bh7 Kc3 65. Bg6 Kd2 66. Bh7 Be7 67. Bg6 b4 68. Bh7 Bf6 69. Bg6 b3 70. axb3 cxb3 71. Bf7 Kc3 72. Bg6 Be5 73. Bh7 Bd4 1/2-1/2

[Event "Leipzig VfB op 13th"]
[Site "Leipzig"]
[Date "2006.03.16"]
[Round "5"]
[White "Langrock, Hannes"]
[Black "Broberg, Horst"]
[Result "1-0"]
[WhiteElo "2422"]
[BlackElo "2086"]
[PlyCount "65"]
[EventDate "2006.03.14"]
[EventType "swiss"]
[EventRounds "9"]
[EventCountry "GER"]
[SourceTitle "EXT 2008"]
[Source "ChessBase"]
[SourceDate "2007.11.25"]
[SourceVersion "1"]
[SourceVersionDate "2007.11.25"]
[SourceQuality "1"]

1. e4 e6 2. d4 d5 3. Nc3 Nf6 4. e5 Nfd7 5. f4 c5 6. Nf3 Nc6 7. Be3 a6 8. Qd2 b5 9. dxc5 Bxc5 10. Bxc5 Nxc5 11. Qf2 Qb6 12. b4 Na4 13. Qxb6 Nxb6 14. Rb1 Bb7 15. Bd3 f5 16. Ne2 Ke7 17. Ned4 Rac8 18. Kd2 Nxd4 19. Nxd4 Bc6 20. h3 h5 21. Rbg1 Be8 22. g4 g6 23. gxf5 gxf5 24. Rg7+ Bf7 25. Rhg1 Rhg8 26. Bxf5 Nc4+ 27. Kd3 Rxg7 28. Rxg7 exf5 29. e6 Nd6 30. exf7 Nxf7 31. Nxf5+ Ke6 32. Rxf7 Rc4 33. Ne3 1-0

[Event "Gotha op 7th"]
[Site "Gotha"]
[Date "2005.11.16"]
[Round "5"]
[White "Vorobyov, Yurij"]
[Black "Broberg, Horst"]
[Result "1-0"]
[WhiteElo "2245"]
[BlackElo "2091"]
[PlyCount "35"]
[EventDate "2005.11.14"]
[EventType "swiss"]
[EventRounds "9"]
[EventCountry "GER"]
[SourceTitle "CBM 109 Extra"]
[Source "ChessBase"]
[SourceDate "2006.01.03"]
[SourceVersion "2"]
[SourceVersionDate "2006.01.03"]
[SourceQuality "1"]

1. Nf3 d5 2. g3 c6 3. Bg2 Bg4 4. 0-0 Nd7 5. d4 Ngf6 6. Nbd2 e6 7. Re1 Be7 8. e4 dxe4 9. Nxe4 0-0 10. c3 Qb6 11. Ned2 c5 12. Qb3 Qc7 13. Nc4 Rad8 14. Bf4 Qc8 15. Nd6 Bxd6 16. Bxd6 c4 17. Qa3 Rfe8 18. Be7 1-0

[Event "Leipzig VfB op 12th"]
[Site "Leipzig"]
[Date "2005.03.05"]
[Round "7"]
[White "Kielstein, Hans"]
[Black "Broberg, Horst"]
[Result "1/2-1/2"]
[WhiteElo "1844"]
[BlackElo "2103"]
[PlyCount "68"]
[EventDate "2005.01.03"]
[EventType "swiss"]
[EventRounds "9"]
[EventCountry "GER"]
[SourceTitle "EXT 2008"]
[Source "ChessBase"]
[SourceDate "2007.11.25"]
[SourceVersion "1"]
[SourceVersionDate "2007.11.25"]
[SourceQuality "1"]

1. e4 c6 2. Nc3 d5 3. Qf3 d4 4. Bc4 Nf6 5. e5 dxc3 6. exf6 exf6 7. bxc3 Bd6 8. Ne2 0-0 9. 0-0 Nd7 10. d4 Nb6 11. Bb3 c5 12. a4 c4 13. a5 cxb3 14. axb6 Qxb6 15. cxb3 Qxb3 16. Bf4 Be7 17. d5 Rd8 18. Rfd1 Bc5 19. Ng3 Qc4 20. Ne4 b6 21. Nxc5 bxc5 22. Bc7 Bg4 23. Qg3 Bxd1 24. Bxd8 Qxd5 25. Bxf6 g6 26. Qe3 Qc6 27. Be7 Bb3 28. Qxc5 Qxc5 29. Bxc5 a5 30. f3 a4 31. Kf2 Rc8 32. Bb4 Re8 33. Re1 Rxe1 34. Kxe1 f5 1/2-1/2

[Event "Leipzig VfB op 12th"]
[Site "Leipzig"]
[Date "2005.03.02"]
[Round "2"]
[White "Broberg, Horst"]
[Black "Lehmann, Lothar"]
[Result "0-1"]
[WhiteElo "2103"]
[BlackElo "2012"]
[PlyCount "114"]
[EventDate "2005.01.03"]
[EventType "swiss"]
[EventRounds "9"]
[EventCountry "GER"]
[SourceTitle "EXT 2008"]
[Source "ChessBase"]
[SourceDate "2007.11.25"]
[SourceVersion "1"]
[SourceVersionDate "2007.11.25"]
[SourceQuality "1"]

1. e4 c5 2. Nf3 Nc6 3. Bb5 Nd4 4. Nxd4 cxd4 5. c3 a6 6. Bc4 dxc3 7. Nxc3 e6 8. 0-0 Qc7 9. Bb3 d6 10. d4 Be7 11. f4 Nf6 12. e5 Nd7 13. Be3 0-0 14. Rc1 Qd8 15. d5 Nb6 16. Qd4 Nxd5 17. Bxd5 exd5 18. Nxd5 dxe5 19. fxe5 Bg5 20. Bxg5 Qxg5 21. Rc7 Be6 22. Ne7+ Kh8 23. Rxb7 Rad8 24. Qf4 Qxf4 25. Rxf4 Bxa2 26. h3 Rb8 27. Rfb4 Rxb7 28. Rxb7 g6 29. Nc6 Bd5 30. Rb8 Kg7 31. Rxf8 Kxf8 32. Nb4 Bc4 33. Kf2 Ke7 34. Ke3 Ke6 35. Kd4 Bf1 36. g3 a5 37. Nc6 a4 38. h4 Bg2 39. Na5 Kf5 40. Nc4 Kg4 41. Nd6 Kxg3 42. Nxf7 Kxh4 43. e6 Bc6 44. Kc5 a3 45. bxa3 Ba4 46. Kb4 Bc6 47. Kc5 Ba4 48. e7 g5 49. Kd4 g4 50. Ke3 g3 51. Ne5 Kh3 52. Nf3 h5 53. Ng1+ Kg4 54. Nf3 h4 55. Ne5+ Kf5 56. Nf3 h3 57. Nd4+ Kg4 0-1

[Event "Leipzig VfB op 12th"]
[Site "Leipzig"]
[Date "2005.03.02"]
[Round "3"]
[White "Didt, Hartmut"]
[Black "Broberg, Horst"]
[Result "1-0"]
[WhiteElo "1978"]
[BlackElo "2103"]
[PlyCount "89"]
[EventDate "2005.01.03"]
[EventType "swiss"]
[EventRounds "9"]
[EventCountry "GER"]
[SourceTitle "EXT 2008"]
[Source "ChessBase"]
[SourceDate "2007.11.25"]
[SourceVersion "1"]
[SourceVersionDate "2007.11.25"]
[SourceQuality "1"]

1. e4 e6 2. d4 d5 3. Nd2 Nf6 4. e5 Nfd7 5. f4 c5 6. c3 Nc6 7. Ndf3 cxd4 8. cxd4 Qb6 9. Ne2 Be7 10. g3 f6 11. Bh3 fxe5 12. Bxe6 e4 13. Bxd7+ Bxd7 14. Ne5 Bb4+ 15. Bd2 Nxd4 16. Nxd4 Qxd4 17. Nxd7 Bxd2+ 18. Qxd2 Qxd2+ 19. Kxd2 Kxd7 20. Ke3 Rac8 21. Rhd1 Kd6 22. Rd2 Rc6 23. Rad1 Rc5 24. b4 Rc3+ 25. Ke2 Rd3 26. Rxd3 exd3+ 27. Kxd3 Rc8 28. Rd2 Rc4 29. a3 b5 30. Re2 Rc1 31. f5 Rd1+ 32. Kc2 Rf1 33. g4 Rf4 34. Re6+ Kd7 35. h3 Rf3 36. Ra6 Rxh3 37. Rxa7+ Kd6 38. Rxg7 Rg3 39. g5 Ke5 40. f6 Kd4 41. f7 Rg2+ 42. Kd1 Rf2 43. Rxh7 Ke3 44. Rh3+ Ke4 45. g6 1-0

[Event "Wch Seniors 14th"]
[Site "Halle"]
[Date "2004.11.05"]
[Round "11"]
[White "Broberg, Horst"]
[Black "Bakalarczyk, Wlodzimierz"]
[Result "1-0"]
[WhiteElo "2113"]
[BlackElo "1984"]
[PlyCount "65"]
[EventDate "2004.10.24"]
[EventType "swiss"]
[EventRounds "11"]
[EventCountry "GER"]
[SourceTitle "EXT 2005"]
[Source "ChessBase"]
[SourceDate "2004.11.15"]
[SourceVersion "1"]
[SourceVersionDate "2004.11.15"]
[SourceQuality "1"]

1. e4 c5 2. Nf3 a6 3. b3 d6 4. Bb2 Nc6 5. Be2 e5 6. 0-0 Nge7 7. c3 Ng6 8. d4 h6 9. Na3 Bg4 10. Nxe5 dxe5 11. Bxg4 cxd4 12. Nc2 h5 13. Bf5 d3 14. Ne3 Nf4 15. g3 g6 16. gxf4 exf4 17. Nd5 gxf5 18. c4 Rh6 19. Qxd3 fxe4 20. Qxe4+ Be7 21. Rad1 Kf8 22. Qxf4 Rg6+ 23. Kh1 Bd6 24. Qe4 Rg4 25. Qh7 Ne5 26. Qh8+ Rg8 27. Qh6+ Rg7 28. Nf6 Nf3 29. Ba3 Bxa3 30. Rxd8+ Rxd8 31. Qh8+ Ke7 32. Qxg7 Ke6 33. Nd5 1-0

[Event "Wch Seniors 14th"]
[Site "Halle"]
[Date "2004.11.03"]
[Round "9"]
[White "Broberg, Horst"]
[Black "Taksrud, Vidar"]
[Result "0-1"]
[WhiteElo "2113"]
[BlackElo "1981"]
[PlyCount "58"]
[EventDate "2004.10.24"]
[EventType "swiss"]
[EventRounds "11"]
[EventCountry "GER"]
[SourceTitle "EXT 2005"]
[Source "ChessBase"]
[SourceDate "2004.11.15"]
[SourceVersion "1"]
[SourceVersionDate "2004.11.15"]
[SourceQuality "1"]

1. e4 c5 2. Nf3 e6 3. b3 Nf6 4. e5 Nd5 5. Bb2 Nc6 6. Bb5 Be7 7. 0-0 0-0 8. Nc3 Nxc3 9. Bxc3 Qb6 10. Bxc6 Qxc6 11. d4 cxd4 12. Bxd4 b5 13. Nd2 Bb7 14. f3 d5 15. c3 a5 16. a3 b4 17. cxb4 axb4 18. Rc1 Qa6 19. a4 Rfc8 20. f4 Rxc1 21. Qxc1 Qd3 22. Nf3 Rc8 23. Qd1 Qe4 24. g3 Rc3 25. Bxc3 bxc3 26. Kg2 d4 27. Qe1 Qxe1 28. Rxe1 d3 29. Kf2 Bc5+ 0-1

[Event "Wch Seniors 14th"]
[Site "Halle"]
[Date "2004.11.02"]
[Round "8"]
[White "Mueller, Heinz"]
[Black "Broberg, Horst"]
[Result "1/2-1/2"]
[WhiteElo "1995"]
[BlackElo "2113"]
[PlyCount "23"]
[EventDate "2004.10.24"]
[EventType "swiss"]
[EventRounds "11"]
[EventCountry "GER"]
[SourceTitle "EXT 2005"]
[Source "ChessBase"]
[SourceDate "2004.11.15"]
[SourceVersion "1"]
[SourceVersionDate "2004.11.15"]
[SourceQuality "1"]

1. d4 e6 2. Nf3 Nf6 3. Bg5 c5 4. c3 Qb6 5. Bxf6 Qxb2 6. Bg5 Qxa1 7. Qc2 Nc6 8. e3 cxd4 9. exd4 Ba3 10. Nfd2 Qb2 11. Qxb2 Bxb2 12. Nc4 1/2-1/2

[Event "Wch Seniors 14th"]
[Site "Halle"]
[Date "2004.10.24"]
[Round "1"]
[White "Broberg, Horst"]
[Black "Zhelesny, Stanislav"]
[Result "1/2-1/2"]
[WhiteElo "2113"]
[BlackElo "2274"]
[PlyCount "120"]
[EventDate "2004.10.24"]
[EventType "swiss"]
[EventRounds "11"]
[EventCountry "GER"]
[SourceTitle "EXT 2005"]
[Source "ChessBase"]
[SourceDate "2004.11.15"]
[SourceVersion "1"]
[SourceVersionDate "2004.11.15"]
[SourceQuality "1"]

1. e4 c6 2. d4 d5 3. exd5 cxd5 4. c4 Nf6 5. Nc3 e6 6. Nf3 Be7 7. cxd5 Nxd5 8. Bd3 0-0 9. 0-0 Na6 10. Re1 Nac7 11. a3 b6 12. Ne5 Bb7 13. Be3 f6 14. Qh5 f5 15. Rac1 Nxc3 16. Rxc3 Bf6 17. Bc4 Rc8 18. Qxf5 Bd5 19. Qh5 Bxc4 20. Rxc4 Nd5 21. Rxc8 Qxc8 22. Rc1 Qe8 23. Qxe8 Rxe8 24. Kf1 Bxe5 25. dxe5 Nxe3+ 26. fxe3 Re7 27. Ke2 Rd7 28. Rc4 Kf7 29. Rd4 Rc7 30. Kd3 Kg6 31. Ke4 Kf7 32. b4 Ke7 33. g4 g5 34. Kd3 Rc6 35. h4 h6 36. hxg5 hxg5 37. Ke4 b5 38. Rd3 Rc4+ 39. Kf3 Rc6 40. Rd2 Rc3 41. Ra2 Rc4 42. Rh2 a5 43. Rh7+ Kd8 44. bxa5 Ra4 45. Rg7 Rxa5 46. Rxg5 Rxa3 47. Rh5 Kd7 48. g5 Ra8 49. g6 Rg8 50. Rg5 b4 51. Rg1 b3 52. Kf4 b2 53. Kg5 Rb8 54. Rb1 Ke7 55. Kh6 Rh8+ 56. Kg7 Rh2 57. Rf1 Rf2 58. Rb1 Rg2 59. Kh7 Rh2+ 60. Kg8 Rg2 1/2-1/2

[Event "Dresden ZMD op"]
[Site "Dresden"]
[Date "2004.07.17"]
[Round "3"]
[White "Broberg, Horst"]
[Black "Buchenau, Frank"]
[Result "0-1"]
[WhiteElo "2128"]
[BlackElo "2340"]
[PlyCount "76"]
[EventDate "2004.07.15"]
[EventType "tourn"]
[EventRounds "9"]
[EventCountry "GER"]
[SourceTitle "EXT 2006"]
[Source "ChessBase"]
[SourceDate "2005.11.24"]
[SourceVersion "1"]
[SourceVersionDate "2005.11.24"]
[SourceQuality "1"]

1. e4 e6 2. d4 d5 3. Nd2 Nf6 4. e5 Nfd7 5. c3 c5 6. f4 Nc6 7. Ndf3 Qb6 8. g3 cxd4 9. cxd4 Be7 10. Ne2 0-0 11. Nc3 f6 12. Na4 Qa5+ 13. Bd2 Bb4 14. Nc3 fxe5 15. fxe5 Rxf3 16. Qxf3 Nxd4 17. Qh5 Nc2+ 18. Kd1 Nxa1 19. Bd3 Nf8 20. Rf1 Bd7 21. Qf7+ Kh8 22. Bh6 gxh6 23. Qf6+ Kg8 24. Bxh7+ Kxh7 25. Qf7+ Kh8 26. Qf6+ Kh7 27. Qf7+ Kh8 28. Rf6 Ba4+ 29. Kc1 Bc2 30. Rxh6+ Bh7 31. Qf6+ Kg8 32. Qg5+ Kf7 33. Qh5+ Kg7 34. Qg5+ Bg6 35. Rxg6+ Nxg6 36. Qf6+ Kh7 37. Qf7+ Kh6 38. Qxe6 Rf8 0-1

[Event "Leipzig VfB op 11th"]
[Site "Leipzig"]
[Date "2004.03.19"]
[Round "6"]
[White "Herfurth, Thomas"]
[Black "Broberg, Horst"]
[Result "1/2-1/2"]
[WhiteElo "1891"]
[BlackElo "2142"]
[PlyCount "67"]
[EventDate "2004.03.16"]
[EventType "swiss"]
[EventRounds "9"]
[EventCountry "GER"]
[SourceTitle "EXT 2007"]
[Source "ChessBase"]
[SourceDate "2006.11.23"]
[SourceVersion "1"]
[SourceVersionDate "2006.11.23"]
[SourceQuality "1"]

1. e4 e6 2. d4 d5 3. exd5 exd5 4. Bd3 Nc6 5. c3 Bd6 6. Qf3 Be6 7. Ne2 Qd7 8. Bf4 Bg4 9. Qg3 Bxe2 10. Bxe2 Bxf4 11. Qxf4 Nf6 12. Nd2 0-0 13. 0-0 Rfe8 14. Bd3 Ne7 15. Nf3 Ng6 16. Bxg6 hxg6 17. Ne5 Qf5 18. Qxf5 gxf5 19. f3 Re6 20. Nd3 c6 21. Rfe1 Rae8 22. Rxe6 Rxe6 23. Re1 Rxe1+ 24. Nxe1 Ne8 25. Nd3 Nd6 26. Kf2 f6 27. Ke2 Kf7 28. Kd2 Ke6 29. Nc5+ Kf7 30. Nd3 Nc4+ 31. Ke2 Nd6 32. Kd2 Nc4+ 33. Ke2 Nd6 34. Kd2 1/2-1/2

[Event "Dresden ZMD op"]
[Site "Dresden"]
[Date "2003.07.26"]
[Round "2"]
[White "Happel, Henk"]
[Black "Broberg, Horst"]
[Result "1/2-1/2"]
[WhiteElo "2250"]
[BlackElo "2159"]
[PlyCount "125"]
[EventDate "2003.07.25"]
[EventType "swiss"]
[EventRounds "9"]
[EventCountry "GER"]
[SourceTitle "EXT 2004"]
[Source "ChessBase"]
[SourceDate "2003.11.25"]
[SourceVersion "1"]
[SourceVersionDate "2003.11.25"]
[SourceQuality "1"]

1. d4 e6 2. c4 Bb4+ 3. Nc3 Nf6 4. a3 Bxc3+ 5. bxc3 c5 6. f3 d5 7. cxd5 Nxd5 8. Qd3 cxd4 9. cxd4 Nc6 10. e4 Nb6 11. Be3 0-0 12. Qd2 f5 13. Nh3 fxe4 14. fxe4 e5 15. dxe5 Bxh3 16. Qxd8 Rfxd8 17. Bxb6 axb6 18. Bc4+ Kh8 19. gxh3 Nxe5 20. Bd5 Nd3+ 21. Kf1 Rf8+ 22. Ke2 Nf4+ 23. Ke3 Nxd5+ 24. exd5 Rae8+ 25. Kd4 Rf4+ 26. Kc3 Re3+ 27. Kd2 Re5 28. Rhf1 Rxd5+ 29. Ke3 Rxf1 30. Rxf1 Kg8 31. Rb1 Rh5 32. Rxb6 Rxh3+ 33. Kf4 Rxh2 34. Rxb7 Ra2 35. Kf5 h6 36. Ra7 Kh7 37. a4 Rf2+ 38. Kg4 Rf6 39. a5 Rg6+ 40. Kh4 Rg5 41. Ra6 Rb5 42. Ra7 Rb4+ 43. Kg3 Ra4 44. a6 h5 45. Ra8 Kg6 46. a7 Kg5 47. Kh3 Ra3+ 48. Kg2 Kg4 49. Kh2 Ra2+ 50. Kg1 h4 51. Kf1 h3 52. Rb8 Ra1+ 53. Kf2 Ra2+ 54. Kg1 Rxa7 55. Rb4+ Kh5 56. Rb3 g5 57. Rxh3+ Kg4 58. Rb3 Ra4 59. Kg2 Ra2+ 60. Kg1 Kh4 61. Rc3 g4 62. Rb3 g3 63. Rb8 1/2-1/2

[Event "Leipzig VfB op 10th"]
[Site "Leipzig"]
[Date "2003.03.13"]
[Round "4"]
[White "Broberg, Horst"]
[Black "Barglowski, Filip"]
[Result "1/2-1/2"]
[WhiteElo "2149"]
[BlackElo "2307"]
[PlyCount "80"]
[EventDate "2003.03.11"]
[EventType "swiss"]
[EventRounds "9"]
[EventCountry "GER"]
[SourceTitle "EXT 2008"]
[Source "ChessBase"]
[SourceDate "2007.11.25"]
[SourceVersion "1"]
[SourceVersionDate "2007.11.25"]
[SourceQuality "1"]

1. e4 Nf6 2. e5 Nd5 3. d4 d6 4. c4 Nb6 5. exd6 cxd6 6. Nc3 g6 7. Nf3 Bg7 8. Be2 Bg4 9. Be3 Nc6 10. b3 e5 11. d5 Ne7 12. Ng5 Bxe2 13. Nxe2 Nf5 14. Bd2 Nh4 15. g3 Nf5 16. Rc1 0-0 17. 0-0 Re8 18. Ne4 Nc8 19. Bc3 h6 20. Qd3 Nfe7 21. Bb2 f5 22. N4c3 Kh7 23. f4 e4 24. Qd2 Ng8 25. Nd1 Bxb2 26. Qxb2 Qf6 27. Qxf6 Nxf6 28. Ne3 Ne7 29. Nd4 b6 30. Rfd1 h5 31. Ne6 Rac8 32. a4 a5 33. Nc2 Nd7 34. Ncd4 Rb8 35. Nb5 Nc8 36. Nbc7 Re7 37. Ng5+ Kg8 38. Nce6 Nc5 39. Nd4 Rbb7 40. Rc3 Kg7 1/2-1/2

[Event "Leipzig VfB op 10th"]
[Site "Leipzig"]
[Date "2003.03.12"]
[Round "2"]
[White "Broberg, Horst"]
[Black "Dehning Busse, Karsten"]
[Result "1-0"]
[WhiteElo "2149"]
[BlackElo "1637"]
[PlyCount "65"]
[EventDate "2003.03.11"]
[EventType "swiss"]
[EventRounds "9"]
[EventCountry "GER"]
[SourceTitle "EXT 2008"]
[Source "ChessBase"]
[SourceDate "2007.11.25"]
[SourceVersion "1"]
[SourceVersionDate "2007.11.25"]
[SourceQuality "1"]

1. e4 d6 2. d4 Nf6 3. Nc3 g6 4. Nf3 Bg7 5. Be2 0-0 6. 0-0 c6 7. a4 Qc7 8. h3 Nbd7 9. Be3 e5 10. Qd2 Re8 11. dxe5 dxe5 12. Bc4 Nf8 13. Rad1 Be6 14. Qe2 b6 15. Ng5 Qe7 16. Bxe6 Nxe6 17. Qc4 Nxg5 18. Bxg5 Qb7 19. Bxf6 Bxf6 20. Rd6 Be7 21. Qxc6 Qxc6 22. Rxc6 Rac8 23. Rxc8 Rxc8 24. Nd5 Bg5 25. c3 f5 26. exf5 gxf5 27. Re1 e4 28. f3 Re8 29. g4 fxg4 30. hxg4 e3 31. f4 Bh4 32. Rxe3 Rf8 33. g5 1-0

[Event "Wch Seniors 13th"]
[Site "Bad Zwischenahn"]
[Date "2003.??.??"]
[Round "?"]
[White "Broberg, Horst"]
[Black "Haug, Sverre"]
[Result "1-0"]
[WhiteElo "1955"]
[BlackElo "1855"]
[PlyCount "119"]
[EventDate "2003.11.16"]
[EventType "swiss"]
[EventRounds "11"]
[EventCountry "GER"]
[SourceTitle "CBM 097 Extra"]
[Source "ChessBase"]
[SourceDate "2004.01.13"]
[SourceVersion "1"]
[SourceVersionDate "2004.01.13"]
[SourceQuality "1"]

1. e4 d6 2. d4 Nf6 3. Nc3 g6 4. Nf3 Bg7 5. Be2 0-0 6. 0-0 Bg4 7. h3 Bxf3 8. Bxf3 Nbd7 9. Be3 e5 10. Qd2 Ne8 11. Rad1 a6 12. dxe5 Nxe5 13. Be2 Nf6 14. Bg5 Nc6 15. Qf4 Re8 16. Qh4 h6 17. Bxh6 Nxe4 18. Qxd8 Raxd8 19. Nxe4 Rxe4 20. Bf3 Rc4 21. Bg5 Re8 22. c3 Re5 23. Be3 Re8 24. g3 Ne5 25. Bxb7 Rb8 26. Bd5 Ra4 27. Bb3 Ra5 28. f4 Nd7 29. Rfe1 Kf8 30. Kg2 Nc5 31. Bxc5 Rxc5 32. Re2 Re8 33. Rde1 Rxe2+ 34. Rxe2 Ra5 35. h4 Bf6 36. Kf3 Rh5 37. Ba4 Be7 38. Bd7 Rd5 39. Bc8 a5 40. Ba6 Bf6 41. a4 Rd1 42. Bb5 Be7 43. Rh2 Kg7 44. g4 Rb1 45. h5 gxh5 46. gxh5 Rd1 47. Kg4 Kh6 48. Be8 Rg1+ 49. Kf5 Rg7 50. b4 axb4 51. cxb4 d5 52. Rb2 Kxh5 53. a5 Kh4 54. b5 Bc5 55. b6 cxb6 56. axb6 Bd6 57. b7 Bb8 58. Rb1 Kh3 59. Bc6 Kh2 60. Bxd5 1-0

[Event "Wch Seniors 13th"]
[Site "Bad Zwischenahn"]
[Date "2003.??.??"]
[Round "?"]
[White "Broberg, Horst"]
[Black "Kudoke, Willy"]
[Result "0-1"]
[WhiteElo "1955"]
[BlackElo "1845"]
[PlyCount "82"]
[EventDate "2003.11.16"]
[EventType "swiss"]
[EventRounds "11"]
[EventCountry "GER"]
[SourceTitle "CBM 097 Extra"]
[Source "ChessBase"]
[SourceDate "2004.01.13"]
[SourceVersion "1"]
[SourceVersionDate "2004.01.13"]
[SourceQuality "1"]

1. e4 c5 2. Nf3 Nc6 3. Bb5 g6 4. 0-0 Bg7 5. Re1 Nd4 6. Nxd4 cxd4 7. c3 Qb6 8. a4 a6 9. Bc4 e6 10. d3 Ne7 11. a5 Qc7 12. cxd4 Bxd4 13. Nc3 0-0 14. Be3 Qe5 15. Qd2 Nc6 16. Bf4 Qc5 17. Be3 Qe5 18. f4 Qxf4 19. Kh1 Bxe3 20. Rxe3 Ne5 21. Ne2 Qh6 22. Ng3 Ng4 23. Nf1 Nxe3 24. Nxe3 d6 25. Qe2 Bd7 26. Ng4 Qg7 27. Rf1 f6 28. d4 h5 29. Ne3 Rae8 30. Qd2 Qh6 31. Qc3 Rf7 32. Qb3 Qg5 33. d5 e5 34. Be2 f5 35. Nc4 Bb5 36. Nxd6 Bxe2 37. Nxf7 Kxf7 38. d6+ Kf8 39. d7 Rd8 40. Re1 Rxd7 41. Qb4+ Qe7 0-1

[Event "Wch Seniors 12th"]
[Site "Naumburg"]
[Date "2002.10.31"]
[Round "9"]
[White "Eidelmann, Vova"]
[Black "Broberg, Horst"]
[Result "1/2-1/2"]
[WhiteElo "1845"]
[BlackElo "2157"]
[PlyCount "100"]
[EventDate "2002.10.21"]
[EventType "swiss"]
[EventRounds "11"]
[EventCountry "GER"]
[SourceTitle "EXT 2006"]
[Source "ChessBase"]
[SourceDate "2005.11.24"]
[SourceVersion "1"]
[SourceVersionDate "2005.11.24"]
[SourceQuality "1"]

1. d4 e6 2. c4 Nf6 3. Nf3 Bb4+ 4. Bd2 Qe7 5. Nc3 0-0 6. e3 d6 7. a3 Bxc3 8. Bxc3 Ne4 9. Qc2 f5 10. Bd3 Nxc3 11. Qxc3 b6 12. 0-0-0 Bb7 13. Be2 Nd7 14. Ne1 Nf6 15. f3 Rac8 16. Nd3 c6 17. Rd2 Nd5 18. Qb3 c5 19. dxc5 dxc5 20. Nf2 Nf6 21. Rhd1 Rfd8 22. Qc3 Rxd2 23. Qxd2 Kf8 24. Nh3 Ke8 25. Nf4 g5 26. Nh3 h6 27. Nf2 Rd8 28. Qxd8+ Qxd8 29. Rxd8+ Kxd8 30. b4 Nd7 31. Nd3 Ke7 32. bxc5 bxc5 33. Bd1 Kd6 34. Kd2 e5 35. Nf2 Bc6 36. Bc2 Ke6 37. e4 f4 38. Nd1 Nf6 39. Nc3 Kd7 40. Ba4 Bxa4 41. Nxa4 Kc6 42. Nc3 Nd7 43. Nd5 Kd6 44. Kc3 h5 45. h3 h4 46. Kb3 Nf8 47. Ka4 Ne6 48. Kb3 Nd4+ 49. Kc3 Ne2+ 50. Kd2 Nd4 1/2-1/2

[Event "Wch Seniors 12th"]
[Site "Naumburg"]
[Date "2002.10.23"]
[Round "3"]
[White "Hansen, Hans1111"]
[Black "Broberg, Horst"]
[Result "1-0"]
[WhiteElo "1871"]
[BlackElo "2157"]
[PlyCount "117"]
[EventDate "2002.10.21"]
[EventType "swiss"]
[EventRounds "11"]
[EventCountry "GER"]
[SourceTitle "EXT 2006"]
[Source "ChessBase"]
[SourceDate "2005.11.24"]
[SourceVersion "1"]
[SourceVersionDate "2005.11.24"]
[SourceQuality "1"]

1. e4 e6 2. d4 d5 3. e5 c5 4. c3 Nc6 5. Nf3 Bd7 6. a3 f6 7. Bd3 fxe5 8. dxe5 g6 9. 0-0 Bg7 10. Re1 Nge7 11. b4 c4 12. Bc2 0-0 13. Bg5 Qe8 14. Nbd2 h6 15. Bxe7 Nxe7 16. Nf1 Qf7 17. Qd4 Nf5 18. Qg4 h5 19. Qh3 Bh6 20. Ng3 Kg7 21. a4 Nxg3 22. Qxg3 Bf4 23. Qh4 Kh6 24. Qh3 g5 25. g4 Kg7 26. Rf1 Rh8 27. Kg2 hxg4 28. Qxg4 Qh5 29. h3 Rh6 30. Rad1 Rah8 31. Rh1 Be8 32. Ra1 Qxg4+ 33. hxg4 Rxh1 34. Rxh1 Rxh1 35. Kxh1 Bg6 36. Bxg6 Kxg6 37. Kg2 Bc1 38. Nd4 Bd2 39. Nxe6 Bxc3 40. f4 gxf4 41. Nxf4+ Kf7 42. e6+ Ke8 43. Nxd5 Bd2 44. b5 c3 45. Nb4 Ke7 46. Kf3 Kxe6 47. Ke4 Kd6 48. Kd4 a6 49. bxa6 bxa6 50. Kd3 Kc5 51. Nxa6+ Kb6 52. Nb4 Ka5 53. Nd5 Kxa4 54. Nxc3+ Bxc3 55. Kxc3 Kb5 56. Kd4 Kc6 57. Ke5 Kd7 58. Kf6 Ke8 59. Kg7 1-0